Once Upon a Time Characters Quiz Stats

 Plays Quiz not verified by Sporcle

Score 0/140 Timer 12:00
0 Plays Today
Letter Answer % Correct
E.SEmma Swan
83.4%
C.H/K.JCaptain Hook
81.8%
R/E.QRegina
81.6%
D.N/P.CDavid Nolan
81.1%
S.W/M.MSnow White
80.4%
C/Q.of.HCora
78.3%
B/NBaelfire
77.9%
AAnna
77%
H.MHenry Mills
76.6%
H/P.HPrince Henry
76.6%
B.F/LBelle French
76.5%
M.G/G/RMr Gold
75.1%
A/P.A/KPrincess Abigail
71.9%
ZZelena
71%
A.B/PAugust Booth
69.1%
R.HRobin Hood
68.7%
G/D/LGrumpy
67.7%
PPeter
67.7%
A.B/CAshley Boyd
66.8%
C.D.VCruella De Vil
65.9%
R.R.H/R/RRed Riding Hood
65.9%
EElsa
65.4%
A.Z/GAva Zimmer
64.5%
DDoc
64.5%
A/P.A/S.BPrincess Aurora
64.1%
HHans
63.1%
UUrsula
62.7%
B.F/M.SBlue Fairy
61.8%
A.H/J.CArchie Hopper
61.3%
SSleepy
61.3%
SSneezy
61.3%
A/K.AKing Arthur
61.3%
DDopey
60.8%
HHappy
60.8%
AAriel
60.4%
IIngrid
60.4%
MMaleficent
60.4%
BBashful
59.9%
G/K.G/A.SGeorge
59.4%
J/P.JPrince James
59.4%
GGranny
59%
D.W/W/V.FDr Whale
58.1%
N.Z/HNicholas Zimmer
57.6%
MMulan
57.1%
M/P.PMalcom
56.2%
M.T/WMichael Tillman
54.4%
A/NAstrid
53.9%
Letter Answer % Correct
J/M.HJefferson
53.9%
A/TAnton
53%
L.PLily Page
53%
J.DJohn Darling
52.5%
W.DWendy Darling
52.5%
F/JFrederick
52.1%
KKristoff
52.1%
HHades
51.6%
H/GHuntsman
51.6%
MMerlin
51.6%
RRoland
51.6%
G/MGepetto
51.2%
L/K.LKing Leopold
51.2%
MMilah
50.2%
TTinkerbell
50.2%
AAladdin
49.3%
M.DMichael Darling
49.3%
HHelga
48.4%
P/P.PPrince Phillip
48.4%
DDaniel Colter
47.9%
FFelix
47.9%
M/MMaurice
47.9%
T/P.TPrince Thomas
47.9%
LLancelot
47.5%
M/K.MKing Midas
46.5%
SStealthy
45.6%
B/GBilly
45.2%
B.FBlack Fairy
45.2%
GGaston
45.2%
GGerda
45.2%
MMerida
45.2%
D.GDorothy Gale
44.7%
G/PGrace
44.7%
NNimue
44.7%
E/P.EPrince Eric
44.7%
L.JLiam Jones
43.8%
W.S/SWilliam Smee
43.8%
JJacqueline
43.3%
RRuth
42.9%
B.WBlind Witch
41.9%
M.H/HMr Hyde
41.9%
W/F.MWalsh
41.9%
AApprentice
41.5%
S.G/G/M.MSidney Glass
41.5%
GGideon
41%
W.SWill Scarlet
41%
TTamara
40.6%
Letter Answer % Correct
AAnita
40.2%
JJasmine
40.1%
BBlackbeard
39.6%
GGuinevere
39.2%
ZZoso
39.2%
GGlinda
38.2%
VViolet
37.8%
I.H/AIsaac Heller
37.3%
HHercules
37.3%
X/K.XKing Xavier
37.3%
D.J/JDr Jekyll
36.9%
G.MGreg Mendell
36.9%
A.FAlphonse Frankenstein
35.5%
SSven
35.5%
JJafar
35%
L.JLittle John
34.6%
G.F/FGerhardt Frankenstein
33.6%
D.of.WDuke of Westleton
33.2%
T.LTiger Lily
32.7%
PPoseidon
30%
F/K.FKing Fergus
29%
AAlexandra
28.6%
C.NCaptain Nemo
28.1%
K.FKurt Flynn
28.1%
ZZeus
28.1%
S.of.NSheriff of Nottingham
27.6%
MMegara
27.2%
RRapunzel
26.7%
B.PBo Peep
25.8%
PPongo
24%
DDragon
23.5%
QQuinn
22.6%
SThe Shadow
22.6%
JJohanna
21.2%
MMadeline
21.2%
LLumiere
19.8%
F.TFriar Tuck
19.4%
G.PGrand Pabbie
19.4%
L.TLady Tremaine
18.9%
F.GFairy Godmother
18%
OThe Oracle
14.3%
SSeer
14.3%
MMedusa
12%
L.BLost Boys
11.1%
SSiren
11.1%
D.L/LDr Lydgate
10.6%

You're not logged in!

Compare scores with friends on all Sporcle quizzes.
OR
Log In

Sporcle TV

Today on Sporcle TV


Watch our educational content, quiz creation guides, and fun videos on Sporcle TV.

Show Comments

Extras

Top Quizzes Today


Score Distribution

Your Account Isn't Verified!

In order to create a playlist on Sporcle, you need to verify the email address you used during registration. Go to your Sporcle Settings to finish the process.

Report this User

Report this user for behavior that violates our Community Guidelines.

Details: